当選回数の多い現職衆議院議員 - Statistics

General Stats
  • This quiz has been taken 393 times
  • The average score is 10 of 36
Answer Stats
当選回数 会派 議員名 % Correct
14 自民 麻生太郎
89%
18 立憲 小沢一郎
78%
10 自民 岸田文雄
75%
14 立憲 菅直人
63%
12 自民 石破茂
62%
10 共産 志位和夫
62%
13 自民 二階俊博
48%
10 立憲 枝野幸男
48%
10 国民 前原誠司
41%
11 立憲 岡田克也
37%
10 自民 茂木敏充
35%
15 立憲 中村喜四郎
30%
10 自民 野田聖子
25%
10 公明 斉藤鉄夫
24%
12 自民 逢沢一郎
21%
13 自民 甘利明
19%
12 自民 村上誠一郎
19%
13 自民 額賀福志郎
18%
10 公明 石井啓一
17%
10 立憲 玄葉光一郎
16%
11 細田博之
15%
10 共産 穀田恵二
14%
13 自民 衛藤征士郎
13%
13 自民 船田元
13%
10 自民 鈴木俊一
13%
11 自民 中谷元
12%
11 自民 森英介
12%
10 自民 浜田靖一
12%
10 自民 渡海紀三朗
11%
10 自民 塩谷立
10%
11 自民 山口俊一
9%
10 公明 北側一雄
9%
11 自民 古屋圭司
8%
10 自民 林幹雄
8%
11 自民 山本有二
6%
10 公明 佐藤茂樹
5%
No matching quizzes found
Score Distribution
Percent of People with Each Score
Percentile by Number Answered
Your Score History
You have not taken this quiz